002190000a2200073000450024500640000004100130006410000250007777300430010210aNew genus of Sepsidae (Diptera, Schizophora) from Nicaragua0 aInglés1 aSilva, Vera Cristina1 tStudia dipterologicah2q203-206d1995